000 01715nam a2200361 c 4500
003 BLK
005 20240520154601.0
008 180411b bul|||||r ||||||| ||bul||
010 _aKNG00192782000
020 _a978-619-186-211-5
_bиздат.: Жанет 45
040 _aBLK
041 _aBUL
_cBUL
072 7 _2bullib
_aН83
_xЧужда художествена литература Н
080 _aКубинска литература
_b821.134.2(729.1)
_x-31
_z821.134.2(729.1)-31
700 1 _aПадура Фуентес, Леонардо
_e*
_9337044
100 1 _aПадура, Леонардо
_eпърви автор
_9337045
700 _aЮлзари, Емилия Матеева
_gЮлзари-Албахари, Емилия Матей
_9380779
139 _aПадура Фуентес, Леонардо
_bП 14
245 1 0 _aМаски
_bРоман
_c* Леонардо Падура Фуентес; Леонардо Падура; прев. от исп. Емилия Матеева Юлзари.
257 _aCUB
260 Пловдив
_bЖанет 45
_c2015
300 _a258 с.
_bс ил.
_c20 см
380 _aX
490 1 _aКубинската поредица
500 _aОриг. загл.: Mascaras / Leonardo Padura. - Възприетата форма на името на авт. е Леонардо Падура Фуентес. - Биогр. данни за авт., прев. отбелязани на предзагл. с.
659 _aН
852 _aЦб 282675
856 4 _qpdf
_u
856 4 _qpdf
_u
942 _cKNG
_n0
944 _aCR
_c13.10.2016
_k30550
_lКети Илиева
944 _aED
_c19.10.2016
_kГрета_Цуфелде
999 _c183837
_d183837